000 01208nam0a2200349 4500
001 RU\NLR\BIBL_A\022605296
005 20260206113625.0
010 _a978-5-4484-5456-1
_9600
021 _aRU
_bКН-П-25-038113
_9КН-П-25-3729
035 _a(NLR Aleph) 022605296
090 _a13547067
_c13547067
100 _a20250820d2025 k y0rusy50 ca
101 0 _arus
102 _aRU
105 _aac z 000yy
181 0 _ai3
_baxxe
182 0 _an
200 1 _aБитва за Крым, 1941-1944 гг.
_eвыводы и уроки
_fВалентин Рунов
203 _aТекст
_bвизуальный
_cнепосредственный
210 _aМосква
_cВече
_d2025
215 _a285, [18] с.
_cил., портр.
_d21
225 1 _aПравда войны
320 _aБиблиогр. в тексте
333 _a12+
606 1 _aБитва за Крым
_z1941 - 1944
_2nlr_sh2
_3RU\NLR\auth\661435102
686 1 _aЦ35(2)722(2Р-6Крм)
686 1 _aТ3(2)722.9-9(2Р-6Крм)
700 1 _aРунов
_bВ. А.
_f1951-
_gВалентин Александрович
942 _cBOOK
980 _aNB